Most Popular Songs Produced By DJ Mustard - Statistics

General Stats
  • This quiz has been taken 21 times
  • The average score is 5 of 10
Answer Stats
No. Artist Song Streams % Correct
2 Kendrick Lamar Not Like Us 1,550,437,547
86%
4 Roddy Ricch Ballin' 995,304,184
79%
8 Kendrick Lamar, Lefty Gunplay tv off 603,989,311
71%
10 Tinashe, ScHoolboy Q 2 On 576,575,104
36%
7 Jeremih, YG Don't Tell 'em 643,098,083
36%
9 Roddy Ricch High Fashion 584,029,936
36%
5 Big Sean, E-40 I Don't Fuck With You 866,558,042
36%
3 Ty Dolla $ign, The Weeknd,Wiz Khalifa Or Nah - Remix 1,136,829,282
36%
1 Rihanna Needed Me 1,726,841,979
29%
6 Migos Pure Water 794,175,361
21%
No matching quizzes found
Score Distribution
Percent of People with Each Score
Percentile by Number Answered
Your Score History
You have not taken this quiz